[Event "USA tt"]
[Site "ICC INT"]
[Date "2014.09.02"]
[Round "2"]
[White "Winer, Steven"]
[Black "Huang, Gary M"]
[Result "1-0"]
[WhiteElo "2382"]
[BlackElo "2152"]
[PlyCount "97"]
[EventDate "2014.08.26"]
[EventType "team-tourn"]
[EventRounds "10"]
[EventCountry "USA"]
[SourceTitle "CBM 162 Extra"]
[Source "ChessBase"]
[SourceDate "2014.10.17"]
[SourceVersion "1"]
[SourceVersionDate "2014.10.17"]
[SourceQuality "1"]
[WhiteTeam "New England"]
[BlackTeam "New York"]
[WhiteTeamCountry "USA"]
[BlackTeamCountry "USA"]

1. d4 d5 2. c4 e6 3. Nc3 Be7 4. cxd5 exd5 5. Bf4 c6 6. e3 Nf6 7. Bd3 Nbd7 8. h3 Nf8 9. Nf3 Ne6 10. Bh2 0-0 11. 0-0 g6 12. Rb1 Ng7 13. b4 a6 14. Na4 Ne4 15. Qc2 Nd6 16. Nc5 Ra7 17. a4 Bf5 18. a5 Nc4 19. Ra1 Bxc5 20. bxc5 Nxa5 21. Nd2 Nc4 22. Nxc4 dxc4 23. Bxf5 Nxf5 24. Qxc4 Re8 25. Rfe1 Ra8 26. Rad1 Re4 27. Qd3 Qe7 28. Be5 Rxe5 29. dxe5 Qxc5 30. Qd7 b5 31. e6 Rf8 32. Rc1 Qd5 33. Rxc6 fxe6 34. Qxe6+ Qxe6 35. Rxe6 Rb8 36. Rxa6 Kf7 37. Rb1 Rb7 38. Kf1 Ke7 39. Ke2 Nd6 40. Rba1 Nc8 41. Ra8 Rc7 42. Rb8 Nd6 43. Ra2 Ke6 44. Rb6 Ke7 45. f3 h5 46. e4 h4 47. Kf2 Ke6 48. Rd2 Rd7 49. Rd5 1-0

[Event "Dos Hermanas Internet qual-A 10th"]
[Site "ICC INT"]
[Date "2009.03.13"]
[Round "2"]
[White "Huang, Gary M"]
[Black "Melkumyan, Hrant"]
[Result "0-1"]
[WhiteElo "2109"]
[BlackElo "2519"]
[PlyCount "56"]
[EventDate "2009.03.13"]
[EventType "swiss (blitz)"]
[EventRounds "12"]
[EventCountry "ESP"]
[SourceTitle "CBM 129 Extra"]
[Source "ChessBase"]
[SourceDate "2009.05.05"]
[SourceVersion "2"]
[SourceVersionDate "2009.05.20"]
[SourceQuality "1"]

1. c4 Nf6 2. g3 g6 3. Bg2 Bg7 4. Nc3 0-0 5. Nf3 d5 6. cxd5 Nxd5 7. 0-0 Nb6 8. d4 Nc6 9. e3 Re8 10. Bd2 e5 11. dxe5 Nxe5 12. Nxe5 Bxe5 13. Qe2 c6 14. Rfd1 Qe7 15. Be1 Be6 16. b3 Rad8 17. Rac1 h5 18. h4 Bg4 19. f3 Be6 20. Bf2 Rxd1+ 21. Qxd1 Rd8 22. Qe2 Bg7 23. Ne4 Nd5 24. Nc5 Nc3 25. Qe1 Qxc5 26. e4 Bd4 27. Qxc3 Qxc3 28. Rxc3 Bxc3 0-1

[Event "San Francisco FIDE August"]
[Site "San Francisco"]
[Date "2001.08.13"]
[Round "3"]
[White "Rudyak, Felix"]
[Black "Huang, Gary M"]
[Result "1-0"]
[WhiteElo "2000"]
[BlackElo "2000"]
[PlyCount "45"]
[EventDate "2001.08.11"]
[EventType "tourn"]
[EventRounds "9"]
[EventCountry "USA"]
[SourceTitle "EXT 2007"]
[Source "ChessBase"]
[SourceDate "2006.11.23"]
[SourceVersion "1"]
[SourceVersionDate "2006.11.23"]
[SourceQuality "1"]

1. e4 c5 2. Nf3 e6 3. d4 cxd4 4. Nxd4 a6 5. Bd3 Ne7 6. 0-0 Nbc6 7. c3 d5 8. Nxc6 Nxc6 9. Qe2 dxe4 10. Qxe4 Qc7 11. f4 Bd6 12. Nd2 b5 13. Qf3 f5 14. a4 Bb7 15. Qe2 Kf7 16. axb5 axb5 17. Rxa8 Bxa8 18. Nf3 Nd8 19. Ng5+ Ke7 20. Re1 Bc5+ 21. Kh1 Qd6 22. Bxf5 Bd5 23. Bxe6 1-0

[Event "San Francisco FIDE Summer-C"]
[Site "San Francisco"]
[Date "2001.06.25"]
[Round "10"]
[White "Levin, Eugene"]
[Black "Huang, Gary M"]
[Result "0-1"]
[WhiteElo "2157"]
[BlackElo "2000"]
[PlyCount "78"]
[EventDate "2001.06.16"]
[EventType "tourn"]
[EventRounds "11"]
[EventCountry "USA"]
[SourceTitle "EXT 2007"]
[Source "ChessBase"]
[SourceDate "2006.11.23"]
[SourceVersion "1"]
[SourceVersionDate "2006.11.23"]
[SourceQuality "1"]

1. e4 c5 2. Nf3 e6 3. c3 d5 4. e5 c4 5. b3 cxb3 6. axb3 Nc6 7. d4 Nge7 8. Ba3 Ng6 9. Bxf8 Nxf8 10. h4 Bd7 11. Bd3 Qb6 12. Na3 Rc8 13. b4 a6 14. h5 h6 15. Rh3 Na7 16. Rc1 Bb5 17. Nxb5 Nxb5 18. Qd2 a5 19. Qb2 a4 20. Rg3 Rg8 21. Nd2 Nd7 22. Bh7 Rh8 23. Rxg7 Kf8 24. Rxf7+ Kxf7 25. Qc2 Nf8 26. Bg6+ Ke7 27. Qxa4 Nxd4 28. b5 Nxg6 29. hxg6 Rhg8 30. Kd1 Nf5 31. g4 Nh4 32. g7 Rxg7 33. Qb4+ Qc5 34. Qf4 Rg6 35. Nb3 Qxb5 36. Nd2 Rf8 37. Qg3 Qa4+ 38. Ke1 Qxg4 39. Qe3 Ng2+ 0-1

[Event "San Francisco FIDE Summer-C"]
[Site "San Francisco"]
[Date "2001.06.20"]
[Round "5"]
[White "Hammer, Dale M"]
[Black "Huang, Gary M"]
[Result "0-1"]
[WhiteElo "2000"]
[BlackElo "2000"]
[PlyCount "84"]
[EventDate "2001.06.16"]
[EventType "tourn"]
[EventRounds "11"]
[EventCountry "USA"]
[SourceTitle "EXT 2007"]
[Source "ChessBase"]
[SourceDate "2006.11.23"]
[SourceVersion "1"]
[SourceVersionDate "2006.11.23"]
[SourceQuality "1"]

1. c4 b6 2. Nc3 Bb7 3. e4 c5 4. Nge2 e6 5. g3 g6 6. Bg2 Bg7 7. d4 cxd4 8. Nxd4 a6 9. Be3 Ne7 10. 0-0 0-0 11. Rc1 Nbc6 12. f4 Rc8 13. b3 Qc7 14. Na4 Rb8 15. Ne2 Ba8 16. Nac3 Rfd8 17. f5 gxf5 18. exf5 Qe5 19. Ne4 Nxf5 20. Bf4 Qa5 21. Bxb8 Ne3 22. Qd3 Nxg2 23. b4 Nxb4 24. Qf3 f5 25. N2c3 Bxc3 26. Qxc3 Bxe4 27. Bd6 Nxa2 28. Qf6 Rc8 29. c5 Qd2 30. Rcd1 Qe3+ 31. Rf2 Ne1 32. g4 Nc3 33. Bf4 Nf3+ 34. Kf1 Qxf4 35. Qxc3 Rxc5 36. Qb3 Nxh2+ 37. Ke1 Nf3+ 38. Kf1 Rc1 39. Ke2 Rc2+ 40. Qxc2 Bxc2 41. Rxd7 Qe4+ 42. Kf1 Bd3+ 0-1